La recesión mundial : colapso del modelo único /

Contenido: Parte I Estado del conocimiento: 1) Interrelaciones del mercado monetario; 2) Características del mercado financiero; 3) Evaluación de las instituciones dominantes; 4) Economía mundial. -- Parte II Crisis mundial: 5) Debacle financiera y soluciones fallidas en Estados Unidos; 6) Colombia...

Descrizione completa

Salvato in:
Dettagli Bibliografici
Autore principale: Sarmiento Palacio, Eduardo (autor)
Natura: Libro
Lingua:spagnolo
Pubblicazione: Bogotá, Colombia : Aurora : Escuela Colombiana de Ingeniería, 2009, c2009
Serie:(Economía Escuela Colombiana de Ingeniería)
Soggetti:
Tags: Aggiungi Tag
Nessun Tag, puoi essere il primo ad aggiungerne!!

MARC

LEADER 00000nam^a2200000^a^4500
001 000295999
005 20250521000000.0
009 20260310112254.841
020 |a 978-958-8060-91-0 
037 |a Acervo ITESO - Biblioteca 
041 |a ESP 
082 |a 330. 9  |b SAR 
100 |a Sarmiento Palacio, Eduardo  |e (autor) 
245 1 3 |a La recesión mundial :  |b colapso del modelo único /  |c E. Sarmiento Palacio. 
264 4 |a Bogotá, Colombia :  |b Aurora :  |b Escuela Colombiana de Ingeniería,  |c 2009, c2009 
300 |a 202 p. 
336 |a texto  |b txt  |2 rdacontenido 
337 |a sin mediación  |b n  |2 rdamedio 
338 |a volumen  |b nc  |2 rdasoporte 
440 1 |a (Economía Escuela Colombiana de Ingeniería) 
520 |a Contenido: Parte I Estado del conocimiento: 1) Interrelaciones del mercado monetario; 2) Características del mercado financiero; 3) Evaluación de las instituciones dominantes; 4) Economía mundial. -- Parte II Crisis mundial: 5) Debacle financiera y soluciones fallidas en Estados Unidos; 6) Colombia en la crisis. -- Parte III Nuevo marco conceptual: 7) Reformulación macroeconómica; 8) Ruptura del consenso macroeconómico; 9) Colapso y superación del modelo de libre mercado. -- Parte IV Reforma monetaria y financiera: 10) Organización alternativa monetaria y financiera. 
649 |a XX 
650 |a Crisis Económica -  |z Colombia 
650 |a Crisis Económica -  |x Tema Principal 
650 |a Reforma Económica 
650 |a Liberalismo y Neoliberalismo Económicos -  |x Tema Principal 
650 |a Modelo Económico 
650 |a Macroeconomía 
650 |a Finanzas 
650 |a Economía Internacional -  |x Historia -  |y 1990-1999 
650 |a Economía Internacional -  |x Historia -  |y 2000-2009 
910 |a Fondo General 
920 |a Impresos - Libros 
930 |a Colección General 
905 |a 101 
901 |a 0500181714  |b IT1  |c ACC  |i C121690  |u 20250521 
902 |a https://opac.biblio.iteso.mx/vufind/Record/000295999